000195753 001__ 195753
000195753 005__ 20230317124148.0
000195753 020__ $$a0-306-35085-8
000195753 0247_ $$2GVK$$aGVK:195781864
000195753 037__ $$aGSI-2016-01815
000195753 041__ $$aEnglish
000195753 1001_ $$aAleklett, K.$$b0
000195753 1112_ $$a5. international conference on atomic masses and fundamental constants$$cParis$$d1975-06-02 - 1975-06-05$$wFrance
000195753 245__ $$aTotal β-decay energies of nuclei far from stability: evidence for the Wigner symmetry energy in Rb and Kr masses
000195753 260__ $$aNew York$$bPlenum P.$$c1976
000195753 29510 $$aAtomic masses and fundamental constants. 5. International Conference on Atomic Masses and Fundamental Constants, Paris 1975. (Proceedings) / Sanders, John Howard , New York : Plenum P., 1976,
000195753 300__ $$a33, 681 S
000195753 3367_ $$2ORCID$$aCONFERENCE_PAPER
000195753 3367_ $$033$$2EndNote$$aConference Paper
000195753 3367_ $$2BibTeX$$aINPROCEEDINGS
000195753 3367_ $$2DRIVER$$aconferenceObject
000195753 3367_ $$2DataCite$$aOutput Types/Conference Paper
000195753 3367_ $$0PUB:(DE-HGF)8$$2PUB:(DE-HGF)$$aContribution to a conference proceedings$$bcontrib$$mcontrib$$s1476887665_17595
000195753 3367_ $$0PUB:(DE-HGF)7$$2PUB:(DE-HGF)$$aContribution to a book$$mcontb
000195753 500__ $$a; English
000195753 536__ $$0G:(DE-HGF)POF3-899$$a899 - ohne Topic (POF3-899)$$cPOF3-899$$fPOF III$$x0
000195753 588__ $$aDataset connected to GVK
000195753 7001_ $$aNyman, G.$$b1
000195753 7001_ $$0P:(DE-Ds200)BUDP1-0269$$aRoeckl, E.$$b2$$ugsi
000195753 7001_ $$0P:(DE-HGF)0$$aWestgaard, L.$$b3
000195753 909CO $$ooai:repository.gsi.de:195753$$pVDB
000195753 9101_ $$0I:(DE-Ds200)20121206GSI$$6P:(DE-Ds200)BUDP1-0269$$aGSI Helmholtzzentrum für Schwerionenforschung GmbH$$b2$$kGSI
000195753 9131_ $$0G:(DE-HGF)POF3-899$$1G:(DE-HGF)POF3-890$$2G:(DE-HGF)POF3-800$$3G:(DE-HGF)POF3$$4G:(DE-HGF)POF$$aDE-HGF$$bProgrammungebundene Forschung$$lohne Programm$$vohne Topic$$x0
000195753 920__ $$lno
000195753 9201_ $$0I:(DE-Ds200)BUD-20051214OR030$$kBUD$$lBibliothek & Dokumentation$$x0
000195753 980__ $$acontrib
000195753 980__ $$aVDB
000195753 980__ $$acontb
000195753 980__ $$aI:(DE-Ds200)20120319OR030
000195753 980__ $$aI:(DE-Ds200)BUD-20051214OR030
000195753 980__ $$aUNRESTRICTED